| 000 | 00525nam a2200133Ia 4500 | ||
|---|---|---|---|
| 008 | 231129s2009||||xx |||||||||||||| ||spa|| | ||
| 040 | _bspa | ||
| 082 | _a918.617 B213a | ||
| 100 | _aRichard Evans Schultes | ||
| 245 | 0 | _aLa Amazonía perdida: El viaje fotográfico del legendario botánico Richard Evans Schultes / Biblioteca Luis Angel Arango; presentación José Darío Uribe; curaduría Wade Davis... /et al. | |
| 260 | _c2009 | ||
| 264 | _aBanco de la República. Biblioteca Luis Angel Arango | ||
| 942 |
_2ddc _cBKS |
||
| 999 |
_c16400 _d16400 |
||